En defensa de la globalización el rostro humano de un mundo global (Registro nro. 51705)

Detalles MARC
000 -ENCABEZADO
Número de control [NR] 00998nam a2200265Ia 4500
005 - FECHA Y HORA DE LA ÚLTIMA TRANSACCIÓN
control field 20140903173616.0
008 - DE LONGITUD FIJA DE DATOS DE ELEMENTOS - INFORMACIÓN GENERAL
Elementos de longitud fija [NR] 130821s2005 sp a gr spa
020 ## - NUMERO INTERNACIONAL NORMALIZADO PARA LIBROS [R]
Número Internacional Normalizado del libro [NR] 8483066211
040 ## - FUENTE DE CATALOGACION [NR]
Agencia de catalogación original [NR] CO-BoUCM
Idioma de catalogación [NR] spa
Quien Cataloga
Quien Clasifica
041 00 - CODIGO DE IDIOMA [R]
Código de idioma para texto/pista de sonido o título separado [R] Español
100 1# - ASIENTO PRINCIPAL--NOMBRE PERSONAL [NR]
Nombre personal [NR] Bhagwati, Jagdish
Fechas asociadas con el nombre [NR] 1934-
ID Autoridad 31617
245 10 - MENCION DE TITULO [NR]
Título [NR] En defensa de la globalización el rostro humano de un mundo global
Mención de responsabilidad, etc. [NR] Jagdish Bhagwati ; traducción de Verónica Canales Medina
260 ## - PUBLICACION, DISTRIBUCION, ETC. (PIE DE IMPRENTA) [R]
Lugar de publicación, distribución, etc. [R] Barcelona (España)
Nombre del editor, distribuidor, etc. [R] Debate
Fecha de publicación, distribución, etc. [R] 2005
300 ## - DESCRIPCION FISICA [R]
Extensión [R] 460 páginas
Otros detalles físicos [NR] ilustraciones
490 0# - MENCION DE SERIE [R]
Mención de serie [R] Arena Abierta
500 ## - NOTA GENERAL [R]
Nota general [NR] Incluye índice
650 #7 - ASIENTO SECUNDARIO DE MATERIA - TERMINO TEMATICO [R]
Término temático o nombre geográfico como elemento de entrada [NR] Desarrollo económico
Subdivisión de forma [R] Aspectos sociales
9 (RLIN) 12956
650 #7 - ASIENTO SECUNDARIO DE MATERIA - TERMINO TEMATICO [R]
Término temático o nombre geográfico como elemento de entrada [NR] Globalización
9 (RLIN) 216
650 #7 - ASIENTO SECUNDARIO DE MATERIA - TERMINO TEMATICO [R]
Término temático o nombre geográfico como elemento de entrada [NR] Globalización
Subdivisión de forma [R] Aspectos sociales
9 (RLIN) 216
690 ## - ASUNTO AGREGADO LOCAL DE ENTRADA - TÉRMINO TEMÁTICO (OCLC, RLIN)
Acceso temático local Globalización
700 1# - ASIENTO SECUNDARIO - NOMBRE PERSONAL [R]
Nombre personal [NR] Canales Medina, Verónica
Término de relación [R] traductor
9 (RLIN) 31618
765 0# - ASIENTO DE IDIOMA ORIGINAL [R]
Título [NR] In defense of globalization
942 ## - ELEMENTOS DE ENTRADA AGREGADOS (KOHA)
Tipo de ítem principal el descrito en 300a Libro
Tema principal Economía
Edición 1
Parte restante de la signatura top. B575e
Sistema de clasificación DEWEY
Clasificación 337
Existencias
Fecha de último préstamo Total préstamos Total Renewals Signatura topográfica Código de barras Última vez visto Ejemplar Price effective from Tipo de ítem Perdido Sistema de clasificación Dañado No prestable Tipo de ítem específico Suprimido Ubicación habitual Ubicación actual Localización Fecha de creación Forma de adquisición Costo
26/09/2016 8 6 337 B575e 100111493 04/12/2025 Ej.3 03/02/2013 Libro   DEWEY     Libro   Claustro Claustro Mezanine 30/09/2003 Compra 26000.00
08/03/2010 29   337 B575e 100081833 04/12/2025 Ej.1 03/02/2013 Libro   DEWEY     Libro   Claustro Claustro Mezanine 30/09/2007 Donación 26000.00
26/03/2014 42 1 337 B575e 100086125 04/12/2025 Ej.2 03/02/2013 Libro   DEWEY     Libro   Claustro Claustro Mezanine 30/09/2007 Compra 77900.00
17/03/2021 4 4 337 B575e 100133601 04/12/2025 Ej.4 06/03/2013 Libro   DEWEY     Libro   Claustro Claustro Mezanine 06/03/2013 Donación 26000.00